DOCTOR'S POCKET COMPANION (Record no. 216973)

MARC details
000 -LEADER
fixed length control field 00541nam a22001817a 4500
008 - FIXED-LENGTH DATA ELEMENTS--GENERAL INFORMATION
fixed length control field 260415b |||||||| |||| 00| 0 eng d
050 ## - LIBRARY OF CONGRESS CALL NUMBER
Classification number R 121 .S27 2019
Item number 1
100 ## - MAIN ENTRY--PERSONAL NAME
Personal name SASIDGARAN, PK
245 ## - TITLE STATEMENT
Title DOCTOR'S POCKET COMPANION
Remainder of title [A COMPANION BOOK FOR ALL DOCTORS]
250 ## - EDITION STATEMENT
Edition statement SECOND EDITION
260 ## - PUBLICATION, DISTRIBUTION, ETC.
Place of publication, distribution, etc. LONDON
Name of publisher, distributor, etc. JAYPEE BROTHERS MEDICAL
Date of publication, distribution, etc. 2019
300 ## - PHYSICAL DESCRIPTION
Extent XXV, 1383P, ILL
500 ## - GENERAL NOTE
General note INCLUIDES, INDEX
650 ## - SUBJECT ADDED ENTRY
Topical term or geographic name entry element [ACOMPANION BOOK FOR ALL DOCTORS]
700 ## - ADDED ENTRY--PERSONAL NAME
Personal name RAJAGOPAL VINEETH
942 ## - ADDED ENTRY ELEMENTS (KOHA)
Source of classification or shelving scheme Library of Congress Classification
Koha item type Long Loan Book
Holdings
Withdrawn status Lost status Source of classification or shelving scheme Damaged status Not for loan Collection Home library Current library Shelving location Date acquired Inventory number Total checkouts Full call number Barcode Date last seen Copy number Price effective from Koha item type
    Library of Congress Classification     Medicine Kisii University Library Kisii University Library On Display 04/15/2026 112948   R 121 .S27 2019 A001657 04/15/2026 C.1 04/15/2026 Long Loan Book